Changing patterns in foreigns trade and payments

Сохранить в:
Библиографические подробности
Главный автор: Balassa, Bela
Формат:
Язык:Undetermined
Опубликовано: New York W. W. Norton and Company 1970
Предметы:
Метки: Добавить метку
Нет меток, Требуется 1-ая метка записи!
Thư viện lưu trữ: Trung tâm Học liệu Trường Đại học Cần Thơ
LEADER 00533nam a2200193Ia 4500
001 CTU_81340
008 210402s9999 xx 000 0 und d
082 |a 332.15 
082 |b B171 
100 |a Balassa, Bela 
245 0 |a Changing patterns in foreigns trade and payments 
245 0 |c Bela Balassa 
260 |a New York 
260 |b W. W. Norton and Company 
260 |c 1970 
650 |a United States 
650 |x Commercial policy 
904 |i Trọng Hải 
980 |a Trung tâm Học liệu Trường Đại học Cần Thơ